000 00571nam a2200181Ia 4500
008 090122s9999 xx 000 0 und d
082 _b11598
100 _aपंडित
_bवैशाली
245 _aदिपमाळेची फुलं
260 _bआरती
_c1998
300 _a128
501 _aआरती प्रकाशन / बि. नं. 5081-82
600 _aपंडित
630 _aदिपमाळेची फुलं
700 _aपंडित
730 _aदिपमाळेची फुलं
942 _cBOOK
999 _c35675
_d35675